[Event "Rated Blitz game"]
[Site "?"]
[Date "2021.10.16"]
[Round "?"]
[White "FuturoMestre"]
[Black "ALJHuNNz76"]
[Result "0-1"]
[WhiteElo "2365"]
[BlackElo "2401"]
[PlyCount "68"]
[EventDate "2021.??.??"]
[EventType "blitz"]

1. e4 e5 2. Nf3 d5 3. exd5 e4 4. Qe2 Nf6 5. Nc3 Be7 6. Nxe4 O-O 7. Nxf6+ Bxf6
8. Qb5 b6 9. Qb3 Re8+ 10. Kd1 Nd7 11. d4 Bb7 12. Bb5 a6 13. Bc6 Bxc6 14. dxc6
Nc5 15. Qc4 Ne4 16. Be3 Qd6 17. a4 b5 18. Qb3 Qxc6 19. Ke2 Rab8 20. a5 Re7 21.
Rhd1 Rbe8 22. Kf1 Qd6 23. c4 bxc4 24. Qxc4 Rb8 25. b3 Rb5 26. Rdc1 h6 27. h3
Rb4 28. Qc6 Rxb3 29. Qa8+ Kh7 30. Rc6 Qb4 31. Qxa6 Rxe3 32. fxe3 Qb2 33. Qe2
Qxa1+ 34. Ne1 Ng3+ {Normal} 0-1

[Event "Rated Blitz tournament QYxAZh7x"]
[Site "?"]
[Date "2021.10.16"]
[Round "?"]
[White "versatileman"]
[Black "batasjon"]
[Result "1-0"]
[WhiteElo "2259"]
[BlackElo "2436"]
[PlyCount "127"]
[EventDate "2021.??.??"]
[EventType "blitz"]

1. e4 e5 2. Nf3 d5 3. d3 dxe4 4. dxe4 Qxd1+ 5. Kxd1 Nf6 6. Bd3 Nc6 7. Bg5 Be6
8. Bxf6 gxf6 9. c3 Rg8 10. g3 Bg4 11. Nbd2 O-O-O 12. Kc2 Bh6 13. h3 Be6 14. g4
Bf4 15. b3 h5 16. gxh5 Rg2 17. Raf1 Rh8 18. Ne1 Rg5 19. Ndf3 Rgxh5 20. h4 Bg4
21. Rfg1 Be6 22. Ng2 Bh6 23. Ne3 Ne7 24. Be2 Bf4 25. Ng4 Bxg4 26. Rxg4 Ng6 27.
c4 c5 28. Kc3 R5h7 29. a3 Kd7 30. b4 b6 31. Bd1 Ke6 32. Be2 Rd8 33. Rd1 Rxd1
34. Bxd1 Bc1 35. Kb3 Rh8 36. a4 a5 37. bxa5 bxa5 38. Kc2 Bh6 39. h5 Nf4 40. Nh4
Bg5 41. Nf5 Kd7 42. Bf3 Kc7 43. Ne7 Nxh5 44. Nd5+ Kd6 45. Rg1 Nf4 46. Rd1 Rh2
47. Nxf4+ Ke7 48. Nd3 Bh4 49. Rf1 f5 50. exf5 Kf6 51. Be4 Kg5 52. Kd1 Rh3 53.
f3 Rh2 54. Rg1+ Kf6 55. Nxc5 Ra2 56. Rh1 Ra1+ 57. Ke2 Rxh1 58. Kd3 Bf2 59. Nb7
Rd1+ 60. Kc2 Rd7 61. Nxa5 Bc5 62. Nc6 Rd6 63. Kb3 Rd3+ 64. Kc2 {Time forfeit}
1-0

[Event "Rated Blitz tournament 3IqN7TEL"]
[Site "?"]
[Date "2021.10.16"]
[Round "?"]
[White "XhavitZeka"]
[Black "Allkaida"]
[Result "0-1"]
[WhiteElo "2226"]
[BlackElo "2505"]
[PlyCount "34"]
[EventDate "2021.??.??"]
[EventType "blitz"]

1. e4 e5 2. Nf3 d5 3. exd5 e4 4. Nd4 Qxd5 5. Nb3 Nf6 6. Be2 Bd6 7. O-O O-O 8.
d4 Nc6 9. c4 Qf5 10. d5 Ne5 11. Nc3 h5 12. g3 Nf3+ 13. Bxf3 exf3 14. Kh1 Re8
15. Be3 Qg4 16. Qd2 Qh3 17. Rg1 Ng4 {Normal} 0-1

[Event "Rated Blitz game"]
[Site "?"]
[Date "2021.10.16"]
[Round "?"]
[White "Travolta10"]
[Black "barry-allen"]
[Result "1-0"]
[WhiteElo "2415"]
[BlackElo "2271"]
[PlyCount "101"]
[EventDate "2021.??.??"]
[EventType "blitz"]

1. e4 e5 2. Nf3 d5 3. exd5 e4 4. Ne5 Qxd5 5. d4 exd3 6. Nxd3 Nf6 7. Nc3 Qe6+ 8.
Qe2 Bd6 9. Bf4 Bxf4 10. Nxf4 Qxe2+ 11. Bxe2 O-O 12. O-O-O Nc6 13. Nb5 Bf5 14.
Nxc7 Rac8 15. Ncd5 Ne4 16. Rhf1 g5 17. Bb5 gxf4 18. Bxc6 Bg6 19. Ne7+ Kg7 20.
Bxe4 Bxe4 21. Nxc8 Rxc8 22. c3 Bxg2 23. Rg1 f3 24. Rd7 Rb8 25. Kd2 a6 26. Ke3
Kf6 27. Kf4 b5 28. Rd6+ Kg7 29. Rxa6 b4 30. c4 Rd8 31. c5 Rd2 32. Rc1 Rxf2 33.
c6 Rxb2 34. c7 Bh3 35. Kxf3 Rxh2 36. c8=Q Bxc8 37. Rxc8 b3 38. axb3 Rh3+ 39.
Kg4 Rxb3 40. Rcc6 Rb4+ 41. Kf3 Rb7 42. Rc4 Re7 43. Rf4 Rb7 44. Rg4+ Kf8 45. Rh4
f5 46. Rf6+ Kg8 47. Rxf5 Rb3+ 48. Ke2 Rb2+ 49. Kd3 Rb7 50. Rg4+ Kh8 51. Rf8# {
Normal} 1-0

[Event "Rated Blitz tournament C70DeJKX"]
[Site "?"]
[Date "2021.10.16"]
[Round "?"]
[White "AloysiusDanangDS"]
[Black "Bis_Kecil_BKD"]
[Result "0-1"]
[WhiteElo "2228"]
[BlackElo "2488"]
[PlyCount "30"]
[EventDate "2021.??.??"]
[EventType "blitz"]

1. e4 e5 2. Nf3 d5 3. exd5 e4 4. Ne5 Qxd5 5. d4 exd3 6. Nxd3 Nf6 7. Nc3 Qc6 8.
Nf4 Bb4 9. Qe2+ Be6 10. Nxe6 Bxc3+ 11. bxc3 Qxc3+ 12. Kd1 fxe6 13. Qxe6+ Kd8
14. Rb1 Re8 15. Rb3 Qd4+ {Normal} 0-1

[Event "Rated Blitz game"]
[Site "?"]
[Date "2021.10.16"]
[Round "?"]
[White "Lougarou22"]
[Black "RCompany_1"]
[Result "1-0"]
[WhiteElo "2491"]
[BlackElo "2470"]
[PlyCount "129"]
[EventDate "2021.??.??"]
[EventType "blitz"]

1. e4 e5 2. Nf3 d5 3. Nxe5 Bd6 4. d4 dxe4 5. Nc3 Bxe5 6. dxe5 Qxd1+ 7. Kxd1 Bf5
8. Be3 Nc6 9. Bb5 O-O-O+ 10. Ke2 Nxe5 11. h3 a6 12. Ba4 h5 13. Rad1 Ne7 14. Bb3
Bg6 15. Bf4 N7c6 16. Nd5 Rhe8 17. Be3 Na5 18. Nf4 Nxb3 19. axb3 h4 20. Bd4 Bf5
21. Ke3 f6 22. Bxe5 Rxe5 23. Rxd8+ Kxd8 24. Rd1+ Ke8 25. Nd5 c6 26. Nf4 g5 27.
Ne2 Re7 28. Rd6 Kf7 29. Nd4 Bc8 30. c4 c5 31. Ne2 f5 32. Nc3 Rd7 33. Rh6 Kg7
34. Rh5 Kg6 35. Rh8 Rd3+ 36. Ke2 Be6 37. Rb8 b5 38. cxb5 axb5 39. Rxb5 c4 40.
Rb6 Kf7 41. bxc4 Bxc4 42. Ke1 e3 43. fxe3 Rxe3+ 44. Kf2 Rd3 45. Ke1 g4 46. hxg4
fxg4 47. Rh6 h3 48. gxh3 gxh3 49. Kf2 Kg7 50. Rh4 Be6 51. Ne4 Rb3 52. Ng5 Bf5
53. Nf3 Rxb2+ 54. Kg3 Rb3 55. Kf4 Kf6 56. Rh6+ Bg6 57. Rxh3 Rb4+ 58. Kg3 Rb3
59. Rh4 Bf5 60. Rf4 Kg6 61. Kf2 Be6 62. Nd4 Rb2+ 63. Ke3 Bd5 64. Rf2 Re2+ 65.
Rxe2 {Normal} 1-0

[Event "Rated Blitz game"]
[Site "?"]
[Date "2021.10.16"]
[Round "?"]
[White "Esquire01"]
[Black "Lorian2514"]
[Result "0-1"]
[WhiteElo "2428"]
[BlackElo "2580"]
[PlyCount "46"]
[EventDate "2021.??.??"]
[EventType "blitz"]

1. e4 e5 2. Nf3 d5 3. exd5 e4 4. Qe2 Qe7 5. Nd4 Qe5 6. Nb5 a6 7. d4 Qe7 8. N5c3
Bf5 9. g4 Bg6 10. Bg2 Nd7 11. Bxe4 O-O-O 12. Bxg6 hxg6 13. Qxe7 Bxe7 14. Bf4
Nb6 15. Nd2 Nf6 16. f3 Nfxd5 17. Nxd5 Bh4+ 18. Ke2 Rhe8+ 19. Kd3 Nxd5 20. Bg3
Re3+ 21. Kc4 Nb6+ 22. Kb4 Be7+ 23. Ka5 Rd5# {Normal} 0-1

[Event "Rated Blitz game"]
[Site "?"]
[Date "2021.10.16"]
[Round "?"]
[White "Nobita2009"]
[Black "rofaidah"]
[Result "1-0"]
[WhiteElo "2426"]
[BlackElo "2473"]
[PlyCount "55"]
[EventDate "2021.??.??"]
[EventType "blitz"]

1. e4 e5 2. Nf3 d5 3. exd5 e4 4. Ne5 Qxd5 5. d4 exd3 6. Nxd3 Qe6+ 7. Be2 Bd6 8.
O-O Ne7 9. Nf4 Qf6 10. Nh5 Qg6 11. Bd3 Bf5 12. Bxf5 Nxf5 13. Re1+ Ne7 14. Bf4
Nbc6 15. Bxd6 cxd6 16. Nf4 Qf6 17. Nd5 Qxb2 18. Nc7+ Kd7 19. Nxa8 Qxa1 20. Qd2
Rxa8 21. Nc3 Qb2 22. Rb1 Qa3 23. Rxb7+ Ke8 24. Nb5 Qc5 25. Nc7+ Kd7 26. Na6+
Kc8 27. Nxc5 dxc5 28. Qd7# {Normal} 1-0

[Event "Rated Blitz tournament QYxAZh7x"]
[Site "?"]
[Date "2021.10.16"]
[Round "?"]
[White "LukianPro"]
[Black "batasjon"]
[Result "1/2-1/2"]
[WhiteElo "2259"]
[BlackElo "2431"]
[PlyCount "147"]
[EventDate "2021.??.??"]
[EventType "blitz"]

1. e4 e5 2. Nf3 d5 3. exd5 e4 4. Nd4 Qxd5 5. Nb3 Nf6 6. Nc3 Qf5 7. Bc4 Qg6 8.
g3 Nc6 9. d3 Bg4 10. Qd2 O-O-O 11. Qf4 Bf3 12. O-O Bd6 13. Qh4 Ne5 14. Nd2 Be7
15. Qf4 Nxc4 16. Nxc4 Qh5 17. dxe4 g5 18. Qf5+ Kb8 19. h3 Rhg8 20. Be3 g4 21.
h4 Qxf5 22. exf5 Nd5 23. Nxd5 Rxd5 24. Nd2 Rxf5 25. Nxf3 Rxf3 26. Rad1 Bd6 27.
Kh2 Re8 28. Rd3 a6 29. Re1 Kc8 30. Kg2 Kd7 31. Bd2 Rxd3 32. cxd3 Rxe1 33. Bxe1
Ke6 34. Bc3 Kd5 35. f3 f5 36. f4 b5 37. Kf2 Bc5+ 38. Ke2 Bg1 39. Be1 Bd4 40. b3
Bc5 41. Bf2 Bxf2 42. Kxf2 Kd4 43. Ke2 Kc3 44. Ke3 c5 45. h5 h6 46. Ke2 b4 47.
Ke3 Kb2 48. d4 cxd4+ 49. Kxd4 Kxa2 50. Kc4 Ka3 51. Kd5 Kxb3 52. Ke5 Kc3 53.
Kxf5 b3 54. Kg6 b2 55. f5 b1=Q 56. Kxh6 Qb5 57. Kg5 a5 58. h6 Qe8 59. h7 Qh8
60. Kh6 Qf6+ 61. Kh5 Qxf5+ 62. Kh6 Qxh7+ 63. Kxh7 a4 64. Kg6 a3 65. Kg5 a2 66.
Kxg4 a1=Q 67. Kh4 Qg1 68. g4 Qh1+ 69. Kg5 Qg2 70. Kf6 Qxg4 71. Ke5 Qh4 72. Kf5
Kb4 73. Ke6 Kc5 74. Ke5 {Time forfeit} 1/2-1/2

[Event "Rated Blitz game"]
[Site "?"]
[Date "2021.10.16"]
[Round "?"]
[White "wtfai"]
[Black "artsportscience"]
[Result "1-0"]
[WhiteElo "2405"]
[BlackElo "2319"]
[PlyCount "83"]
[EventDate "2021.??.??"]
[EventType "blitz"]

1. e4 e5 2. Nf3 d5 3. exd5 e4 4. Ne5 Qxd5 5. Nc4 Nf6 6. Ne3 Qe6 7. Bc4 Qe5 8.
Nc3 Bd6 9. b3 O-O 10. Bb2 Qg5 11. h4 Qf4 12. Qe2 Nc6 13. O-O-O Nd4 14. Qe1 Be6
15. h5 Bxc4 16. Nxc4 h6 17. Nxd6 Qxd6 18. Nxe4 Nxe4 19. Qxe4 c5 20. Qg4 f5 21.
Qh4 Rae8 22. g4 f4 23. Rh3 Re5 24. Rd3 Qe6 25. Bxd4 cxd4 26. Rxd4 Re1 27. Rd8
Rxd1+ 28. Kxd1 Rxd8 29. Qxd8+ Kh7 30. Qd3+ Kh8 31. f3 Qe5 32. c3 Qa5 33. a4 Qb6
34. Kc2 Qf2 35. Qe4 Qg3 36. c4 b6 37. b4 a5 38. bxa5 bxa5 39. c5 Qg1 40. Qc4
Qa1 41. c6 Qf1 42. Qxf1 {Normal} 1-0

[Event "Rated Blitz game"]
[Site "?"]
[Date "2021.10.16"]
[Round "?"]
[White "Kamo_Gurtovoy85"]
[Black "Annali-annaliew1979"]
[Result "0-1"]
[WhiteElo "2513"]
[BlackElo "2481"]
[PlyCount "56"]
[EventDate "2021.??.??"]
[EventType "blitz"]

1. e4 e5 2. Nf3 d5 3. d4 dxe4 4. Nxe5 Bd6 5. Bf4 Nf6 6. Bc4 O-O 7. O-O Nc6 8.
Nxc6 bxc6 9. Bg5 h6 10. Bh4 Bf5 11. Nc3 Rb8 12. Bb3 Re8 13. Re1 Bg6 14. h3 Rb4
15. d5 c5 16. a3 Rd4 17. Qe2 e3 18. Bxf6 Qxf6 19. fxe3 Qg5 20. exd4 Rxe2 21.
Nxe2 cxd4 22. Nxd4 Qg3 23. Nf3 Bh5 24. Rf1 Bc5+ 25. Kh1 Bd6 26. Kg1 Bxf3 27.
Rxf3 Qh2+ 28. Kf2 Bc5+ {Normal} 0-1

[Event "Rated Blitz game"]
[Site "?"]
[Date "2021.10.16"]
[Round "?"]
[White "DaVy_JoneSS-1703"]
[Black "Heri72"]
[Result "1-0"]
[WhiteElo "2563"]
[BlackElo "2416"]
[PlyCount "57"]
[EventDate "2021.??.??"]
[EventType "blitz"]

1. e4 e5 2. Nf3 d5 3. exd5 Bd6 4. d4 e4 5. Nfd2 f5 6. c4 Nf6 7. Nc3 O-O 8. c5
Be7 9. Bc4 Kh8 10. h3 Na6 11. a3 Nxc5 12. dxc5 Bxc5 13. Nb3 Bd6 14. Nd4 a6 15.
Bg5 h6 16. Bd2 Qe7 17. Qc2 b5 18. Ba2 Bd7 19. O-O-O Rfb8 20. Nc6 Bxc6 21. dxc6
a5 22. Nd5 Nxd5 23. Bxd5 b4 24. a4 b3 25. Qc4 Qe5 26. g3 Rb4 27. Bxb4 axb4 28.
Qd4 Qe7 29. Bxb3 {Normal} 1-0

[Event "Rated Blitz game"]
[Site "?"]
[Date "2021.10.16"]
[Round "?"]
[White "adamiva5"]
[Black "Benny_Watts_2005"]
[Result "0-1"]
[WhiteElo "2401"]
[BlackElo "2394"]
[PlyCount "88"]
[EventDate "2021.??.??"]
[EventType "blitz"]

1. e4 e5 2. Nf3 d5 3. exd5 e4 4. Qe2 Nf6 5. d3 Qxd5 6. Nbd2 Nc6 7. dxe4 Qc5 8.
Qb5 Qxc2 9. Bd3 a6 10. Bxc2 axb5 11. O-O Bc5 12. e5 Nd7 13. Ne4 Be7 14. Bf4 O-O
15. Bb3 Nc5 16. Nxc5 Bxc5 17. Rfd1 Bg4 18. h3 Bxf3 19. gxf3 Nd4 20. Bd5 c6 21.
Be4 Rfe8 22. a3 Ne2+ 23. Kf1 Nxf4 24. Rd7 Rab8 25. Rad1 Rxe5 26. Bc2 Nd5 27.
Bb3 Re7 28. Rxe7 Nxe7 29. Rd7 b6 30. Ba2 b4 31. a4 Kf8 32. b3 b5 33. a5 Ke8 34.
Rc7 Bd6 35. Ra7 Nc8 36. Ra6 Kd7 37. Bb1 Kc7 38. Be4 Ne7 39. Ra7+ Rb7 40. Ra8
Rb8 41. Ra7+ Kd8 42. a6 Bc5 43. Rb7 Rxb7 44. axb7 Kc7 {Time forfeit} 0-1

[Event "Rated Blitz tournament QYxAZh7x"]
[Site "?"]
[Date "2021.10.16"]
[Round "?"]
[White "Siyovush_19102006"]
[Black "batasjon"]
[Result "1/2-1/2"]
[WhiteElo "2376"]
[BlackElo "2437"]
[PlyCount "120"]
[EventDate "2021.??.??"]
[EventType "blitz"]

1. e4 e5 2. Nf3 d5 3. exd5 e4 4. Ne5 Qxd5 5. d4 exd3 6. Nxd3 Nf6 7. Nc3 Qf5 8.
Be2 Bd6 9. O-O O-O 10. Be3 Nc6 11. Bf3 Bd7 12. Ne2 Rfe8 13. Nd4 Nxd4 14. Bxd4
Ng4 15. Bxg4 Qxg4 16. Qxg4 Bxg4 17. Rfe1 Bf5 18. Rad1 Bxd3 19. Rxe8+ Rxe8 20.
cxd3 a6 21. Kf1 f6 22. g3 Kf7 23. f4 Ke6 24. Kf2 Kd5 25. Bc3 Bf8 26. d4 f5 27.
Rc1 c6 28. a3 g6 29. Kf3 Re4 30. Rd1 Bg7 31. g4 fxg4+ 32. Kxg4 Bh6 33. Rf1 Bg7
34. Kg5 Bxd4 35. Bxd4 Rxd4 36. f5 gxf5 37. Rxf5+ Ke6 38. Rf6+ Ke7 39. Rh6 Rd5+
40. Kf4 Rd2 41. Rxh7+ Kd6 42. Rxb7 Rxh2 43. Rb6 Kc5 44. Rxa6 Rxb2 45. Ke4 Kc4
46. Ra8 c5 47. Ke3 Kc3 48. Ra5 c4 49. Rc5 Ra2 50. Ra5 Ra1 51. Ke2 Kc2 52. Rc5
c3 53. Ra5 Ra2 54. Ke1 Kb3 55. Kd1 Rxa3 56. Rxa3+ Kxa3 57. Kc2 Kb4 58. Kc1 Kb3
59. Kb1 c2+ 60. Kc1 Kc3 {Normal} 1/2-1/2

[Event "Rated Blitz game"]
[Site "?"]
[Date "2021.10.16"]
[Round "?"]
[White "hortex90"]
[Black "jeruchess"]
[Result "0-1"]
[WhiteElo "2331"]
[BlackElo "2408"]
[PlyCount "36"]
[EventDate "2021.??.??"]
[EventType "blitz"]

1. e4 e5 2. Nf3 d5 3. Nxe5 Bd6 4. d4 dxe4 5. Nc3 Bxe5 6. dxe5 Qxd1+ 7. Kxd1 Bf5
8. Be2 Nc6 9. Be3 O-O-O+ 10. Ke1 Nxe5 11. Rd1 Nf6 12. Bd4 Rhe8 13. Bxa7 Rxd1+
14. Nxd1 b6 15. Ba6+ Kd7 16. Ne3 Be6 17. Bb5+ c6 18. Be2 Kc7 {Normal} 0-1

[Event "Rated Blitz tournament QYxAZh7x"]
[Site "?"]
[Date "2021.10.16"]
[Round "?"]
[White "Emanuel-Lasskicker"]
[Black "CristianS27"]
[Result "0-1"]
[WhiteElo "2284"]
[BlackElo "2509"]
[PlyCount "104"]
[EventDate "2021.??.??"]
[EventType "blitz"]

1. e4 e5 2. Nf3 d5 3. exd5 e4 4. Nd4 Qxd5 5. Nb3 Nf6 6. Nc3 Qe5 7. Be2 Bd6 8.
g3 Bh3 9. d3 exd3 10. Qxd3 Nc6 11. Bf4 Qe7 12. Bxd6 Qxd6 13. Qxd6 cxd6 14.
O-O-O O-O-O 15. f3 Rhe8 16. Bb5 Bg2 17. Rhg1 Bxf3 18. Rd2 d5 19. Nd4 Bg4 20.
Bxc6 bxc6 21. Nxc6 Rd7 22. Nb5 a6 23. Nbd4 Ne4 24. Rd3 Rc7 25. Re1 Bd7 26. Nb4
Nf6 27. Rxe8+ Bxe8 28. Nxa6 Re7 29. b3 Re1+ 30. Kb2 Rh1 31. h4 Ne4 32. Nb4 Rg1
33. Ne2 Rg2 34. Nf4 Rxg3 35. Nbxd5 Rxd3 36. cxd3 Nd6 37. a4 Kb7 38. Nc3 f6 39.
b4 g5 40. Nfd5 gxh4 41. Nxf6 h3 42. Ng4 Nf5 43. b5 Nd4 44. Nh2 Bh5 45. Ka3 Nf3
46. Nxf3 Bxf3 47. a5 h2 48. a6+ Ka7 49. Kb4 h1=Q 50. Na4 Qh4+ 51. Ka5 Qe1+ 52.
Nc3 Qxc3+ {Normal} 0-1

[Event "Rated Blitz game"]
[Site "?"]
[Date "2021.10.16"]
[Round "?"]
[White "Etrengereid"]
[Black "Heri72"]
[Result "1/2-1/2"]
[WhiteElo "2391"]
[BlackElo "2418"]
[PlyCount "155"]
[EventDate "2021.??.??"]
[EventType "blitz"]

1. e4 e5 2. Nf3 d5 3. Nxe5 Bd6 4. d4 dxe4 5. f4 exf3 6. Nxf3 Nf6 7. Bc4 O-O 8.
O-O Bg4 9. Bg5 Nbd7 10. Nc3 c6 11. Qd3 Bh5 12. Rae1 Qb6 13. Bb3 Rfe8 14. Na4
Qc7 15. Rxe8+ Rxe8 16. Qc4 b5 17. Qc3 bxa4 18. Bxa4 Bxf3 19. Rxf3 Ne4 20. Qe3
Bxh2+ 21. Kf1 Ng3+ 22. Rxg3 Rxe3 23. Rxe3 h6 24. Re8+ Kh7 25. Bd2 Nf6 26. Re2
Bf4 27. Be1 Bg5 28. c3 Qh2 29. Bc2+ g6 30. Bf2 Ng4 31. Bg1 Qf4+ 32. Ke1 Qc1+
33. Bd1 Bh4+ 34. Bf2 Nxf2 35. Rxf2 Qxd1+ 36. Kxd1 Bxf2 37. Ke2 Bg1 38. Kd3 h5
39. Ke4 g5 40. Kf5 Kh6 41. b4 h4 42. Kg4 Kg6 43. a4 f5+ 44. Kf3 g4+ 45. Ke2 f4
46. Kf1 Be3 47. b5 cxb5 48. axb5 Kf5 49. d5 Ke5 50. c4 Kd6 51. Ke2 Bc5 52. Kf1
Ke5 53. Ke2 Kd4 54. Kf1 Kxc4 55. b6 axb6 56. d6 Bxd6 57. g3 Bc5 58. gxh4 Kd5
59. h5 Ke6 60. h6 Kf7 61. h7 Kg7 62. Ke2 Kh8 63. Kf1 Kxh7 64. Kg2 Kg6 65. Kf1
Kg5 66. Ke2 f3+ 67. Kd3 Kf4 68. Kd2 g3 69. Ke1 g2 70. Kd2 f2 71. Kd3 f1=Q+ 72.
Kc3 Qf3+ 73. Kc4 Qc6 74. Kd3 b5 75. Kc3 g1=Q 76. Kd3 Qe3+ 77. Kc2 Qd5 78. Kb2 {
Time forfeit} 1/2-1/2

[Event "Rated Blitz game"]
[Site "?"]
[Date "2021.10.16"]
[Round "?"]
[White "jcmesafischer"]
[Black "foguetada"]
[Result "1-0"]
[WhiteElo "2400"]
[BlackElo "2343"]
[PlyCount "65"]
[EventDate "2021.??.??"]
[EventType "blitz"]

1. e4 e5 2. Nf3 d5 3. exd5 e4 4. Qe2 Qe7 5. Nd4 Nf6 6. Nc3 g6 7. d3 exd3 8.
Qxe7+ Bxe7 9. Bxd3 O-O 10. Bh6 Rd8 11. O-O-O Nxd5 12. Nxd5 Rxd5 13. Nb5 Na6 14.
Bc4 Rxd1+ 15. Rxd1 Bf5 16. f3 c6 17. Nd6 Bxd6 18. Rxd6 Nb4 19. g4 Be6 20. Bxe6
fxe6 21. Rxe6 Nxa2+ 22. Kb1 Nb4 23. Re7 Rd8 24. b3 Rb8 25. f4 Nd5 26. Rg7+ Kh8
27. f5 a5 28. Rd7 gxf5 29. gxf5 b5 30. f6 a4 31. f7 Nf6 32. Rb7 Ra8 33. f8=Q+ {
Time forfeit} 1-0

[Event "Rated Blitz game"]
[Site "?"]
[Date "2021.10.16"]
[Round "?"]
[White "lord_barre"]
[Black "Annali-annaliew1979"]
[Result "0-1"]
[WhiteElo "2494"]
[BlackElo "2491"]
[PlyCount "164"]
[EventDate "2021.??.??"]
[EventType "blitz"]

1. e4 e5 2. Nf3 d5 3. exd5 e4 4. Qe2 f5 5. d3 Nf6 6. Bg5 Be7 7. Bxf6 Bxf6 8.
dxe4 fxe4 9. Qxe4+ Kf7 10. Qf4 Re8+ 11. Be2 Kg8 12. Nc3 Nd7 13. Kf1 Nb6 14. Rd1
Bd7 15. h4 Qe7 16. Re1 Qd6 17. Qxd6 cxd6 18. Ng5 h6 19. Nge4 Be5 20. g3 Bf5 21.
f4 Bxc3 22. Nxc3 Bxc2 23. Kf2 a6 24. Bg4 Nc4 25. Be6+ Kh7 26. b3 Nb6 27. Ne4
Bxe4 28. Rxe4 Rad8 29. h5 Nd7 30. Rhe1 Nf6 31. Bf5+ Kg8 32. Re6 Rxe6 33. Bxe6+
Kf8 34. Kf3 Re8 35. g4 Re7 36. Rd1 Ne8 37. Rh1 Nc7 38. f5 Ne8 39. g5 hxg5 40.
Kg4 Nf6+ 41. Kxg5 Ne4+ 42. Kg6 Nf2 43. Rh2 Ng4 44. Rh4 Ne5+ 45. Kg5 Nf3+ 46.
Kg4 Nxh4 47. Kxh4 Rc7 48. Kg5 Rc2 49. h6 Rg2+ 50. Kh5 Rh2+ 51. Kg6 Rxh6+ 52.
Kg5 Ke7 53. Kf4 Kf6 54. Kg4 Rh2 55. Kf4 Rxa2 56. Ke3 Ra3 57. Kd4 Rxb3 58. Kc4
Rb5 59. Kd4 a5 60. Ke4 Rb4+ 61. Kd3 g6 62. Kc3 gxf5 63. Bd7 Ke5 64. Kd3 Kxd5
65. Kc3 Ke5 66. Be8 f4 67. Bh5 Ra4 68. Bd1 Ra3+ 69. Bb3 Rxb3+ 70. Kxb3 f3 71.
Ka4 f2 72. Kxa5 f1=Q 73. Kb6 Qa6+ 74. Kc7 Qc6+ 75. Kb8 d5 76. Ka7 d4 77. Kb8 d3
78. Ka7 d2 79. Kb8 d1=Q 80. Ka7 Qda4+ 81. Kb8 Qe8+ 82. Kxb7 Qab5+ {Time forfeit
} 0-1

[Event "Rated Blitz game"]
[Site "?"]
[Date "2021.10.16"]
[Round "?"]
[White "Imperor459"]
[Black "Kiridima123"]
[Result "1-0"]
[WhiteElo "2413"]
[BlackElo "2393"]
[PlyCount "37"]
[EventDate "2021.??.??"]
[EventType "blitz"]

1. e4 e5 2. Nf3 d5 3. Nc3 d4 4. Ne2 Bd6 5. d3 Bg4 6. Ng3 h5 7. h3 Bd7 8. Be2
Ne7 9. h4 c5 10. b3 Ng6 11. Bg5 f6 12. Bd2 Bg4 13. Nh2 Qd7 14. Nxg4 hxg4 15.
Bxg4 Qb5 16. Bh5 Rxh5 17. Qxh5 Kf7 18. Nf5 Bf8 19. Rh3 {Normal} 1-0

[Event "Rated Blitz game"]
[Site "?"]
[Date "2021.10.16"]
[Round "?"]
[White "Omegaverde"]
[Black "rofaidah"]
[Result "0-1"]
[WhiteElo "2466"]
[BlackElo "2461"]
[PlyCount "30"]
[EventDate "2021.??.??"]
[EventType "blitz"]

1. e4 e5 2. Nf3 d5 3. Nxe5 Qe7 4. d4 f6 5. Qh5+ g6 6. Nxg6 Qxe4+ 7. Be3 Qxg6 8.
Qh4 Nc6 9. c3 Bd6 10. Nd2 Nge7 11. Be2 h5 12. g4 Bxg4 13. Rg1 Nf5 14. Rxg4 Nxh4
15. Rxg6 Nxg6 {Normal} 0-1

[Event "Rated Blitz game"]
[Site "?"]
[Date "2021.10.16"]
[Round "?"]
[White "Marc_Paraguya"]
[Black "geptil"]
[Result "0-1"]
[WhiteElo "2478"]
[BlackElo "2451"]
[PlyCount "82"]
[EventDate "2021.??.??"]
[EventType "blitz"]

1. e4 e5 2. Nf3 d5 3. Nxe5 Bd6 4. d4 dxe4 5. Bc4 Bxe5 6. dxe5 Qxd1+ 7. Kxd1 Nc6
8. Bd5 Bg4+ 9. f3 O-O-O 10. fxg4 Rxd5+ 11. Ke2 Rxe5 12. Bf4 Rb5 13. Nc3 Rxb2
14. Nxe4 Rxc2+ 15. Kf3 Nd4+ 16. Ke3 Ne6 17. Rhc1 Rxg2 18. Nd6+ Kd7 19. Nxf7 Nf6
20. Rd1+ Ke7 21. Nxh8 Rxg4 22. Bg3 h5 23. Rab1 b6 24. a3 h4 25. Bf2 c6 26. Rb4
Rg5 27. Bxh4 Rh5 28. Ng6+ Kf7 29. Rg1 Nd5+ 30. Kf2 Nxb4 31. axb4 Nf8 32. Nxf8
Rxh4 33. Nd7 Rxh2+ 34. Kg3 Rh5 35. Rc1 Ke7 36. Nb8 c5 37. Nc6+ Kd6 38. b5 a6
39. Rd1+ Kc7 40. Ne5 Rxe5 41. bxa6 Re8 {Normal} 0-1

[Event "Rated Blitz game"]
[Site "?"]
[Date "2021.10.16"]
[Round "?"]
[White "nemanja123456"]
[Black "Annali-annaliew1979"]
[Result "1-0"]
[WhiteElo "2515"]
[BlackElo "2488"]
[PlyCount "49"]
[EventDate "2021.??.??"]
[EventType "blitz"]

1. e4 e5 2. Nf3 d5 3. Nxe5 Qe7 4. d4 f6 5. Ng4 Nc6 6. Bb5 a6 7. Bxc6+ bxc6 8.
Nc3 Qf7 9. exd5 cxd5 10. O-O Bd6 11. Re1+ Ne7 12. Qf3 c6 13. Bf4 Bb4 14. a3
Bxc3 15. bxc3 O-O 16. Bd6 Re8 17. Qg3 Bd7 18. Nh6+ Kf8 19. Nxf7 Kxf7 20. Bxe7
Rxe7 21. Rxe7+ Kxe7 22. Re1+ Kf7 23. Qd6 Bf5 24. Re7+ Kg6 25. Qc7 {Normal} 1-0

[Event "Rated Blitz game"]
[Site "?"]
[Date "2021.10.16"]
[Round "?"]
[White "Dabar1"]
[Black "Annali-annaliew1979"]
[Result "1/2-1/2"]
[WhiteElo "2521"]
[BlackElo "2492"]
[PlyCount "111"]
[EventDate "2021.??.??"]
[EventType "blitz"]

1. e4 e5 2. Nf3 d5 3. exd5 e4 4. Qe2 f5 5. d3 Nf6 6. dxe4 fxe4 7. Bg5 Be7 8.
Bxf6 Bxf6 9. Qxe4+ Kf7 10. Qb4 Re8+ 11. Kd1 a5 12. Qb3 a4 13. Qb4 Na6 14. Bxa6
Rxa6 15. c4 Bg4 16. Nbd2 Rb6 17. Qxa4 Rxb2 18. Re1 Bxf3+ 19. Nxf3 Rxf2 20. Rb1
Rxg2 21. Qxe8+ Qxe8 22. Rxe8 Kxe8 23. Rxb7 Kd8 24. a4 Ra2 25. Ra7 g5 26. h3 h5
27. Nd2 g4 28. hxg4 hxg4 29. Ne4 Be5 30. Ra8+ Kd7 31. c5 g3 32. Rg8 Rxa4 33.
c6+ Ke7 34. d6+ Bxd6 35. Nxd6 Kxd6 36. Rxg3 Kxc6 37. Kc2 Ra2+ 38. Kb3 Re2 39.
Rg6+ Kb5 40. Rg5+ c5 41. Rg4 Re3+ 42. Kc2 c4 43. Rg8 Rh3 44. Rb8+ Kc5 45. Rc8+
Kd4 46. Rd8+ Ke5 47. Re8+ Kd6 48. Rd8+ Kc6 49. Rc8+ Kb5 50. Rb8+ Kc6 51. Rc8+
Kd5 52. Rd8+ Ke6 53. Rc8 Kd7 54. Rxc4 Kd6 55. Rc3 Rxc3+ 56. Kxc3 {Normal}
1/2-1/2

[Event "Rated Blitz game"]
[Site "?"]
[Date "2021.10.16"]
[Round "?"]
[White "danikoshvili"]
[Black "RCompany_1"]
[Result "1-0"]
[WhiteElo "2551"]
[BlackElo "2473"]
[PlyCount "85"]
[EventDate "2021.??.??"]
[EventType "blitz"]

1. e4 e5 2. Nf3 d5 3. Nxe5 Bd6 4. d4 dxe4 5. Bf4 Nf6 6. Bc4 O-O 7. O-O Nc6 8.
Nxc6 bxc6 9. Bg5 Be7 10. Nc3 Bf5 11. Re1 Rb8 12. Bxf6 Bxf6 13. Nxe4 Bxd4 14. c3
Be5 15. Ng3 Bxg3 16. hxg3 Rxb2 17. Qxd8 Rxd8 18. Re7 Bg6 19. Rae1 h5 20. Rxc7
Rd6 21. Re8+ Kh7 22. Bxf7 Bxf7 23. Rxf7 Rxa2 24. Ree7 Rg6 25. Rxa7 Rc2 26. Rf5
Kh6 27. Rc5 Rf6 28. f3 Rd6 29. Ra6 Rd1+ 30. Kh2 Rdd2 31. Raxc6+ g6 32. g4 Rxg2+
33. Kh3 Rh2+ 34. Kg3 h4+ 35. Kf4 h3 36. g5+ Kg7 37. Rc7+ Kf8 38. Rc8+ Ke7 39.
R8c7+ Kd6 40. R7c6+ Kd7 41. Rxg6 Rhd2 42. Re5 Rxc3 43. Rg7+ {Time forfeit} 1-0

[Event "Rated Blitz game"]
[Site "?"]
[Date "2021.10.16"]
[Round "?"]
[White "NoelMLeron"]
[Black "barry-allen"]
[Result "1-0"]
[WhiteElo "2426"]
[BlackElo "2332"]
[PlyCount "57"]
[EventDate "2021.??.??"]
[EventType "blitz"]

1. e4 e5 2. Nf3 d5 3. exd5 e4 4. Qe2 Nf6 5. d3 Qxd5 6. Nc3 Bb4 7. Bd2 Bxc3 8.
Bxc3 O-O 9. dxe4 Nxe4 10. Qd3 Nxc3 11. bxc3 Re8+ 12. Be2 Qe6 13. O-O Bd7 14.
Rae1 Qxa2 15. Ng5 g6 16. Bg4 Rxe1 17. Rxe1 Bxg4 18. Qd8+ Kg7 19. Qd4+ Kh6 20.
Qxg4 Qxc2 21. Qh4+ Kg7 22. Qxh7+ Kf6 23. h4 Qb3 24. Qh8+ Kf5 25. Qe5+ Kg4 26.
Qe2+ Kxh4 27. Nf3+ Kh5 28. Nd4+ Kh6 29. Nxb3 {Normal} 1-0